[Event "Alekhine op"]
[Site "Moscow"]
[Date "1992.??.??"]
[Round "?"]
[White "Oll, Lembit"]
[Black "Kuzmin, Gennadi"]
[Result "1-0"]
[WhiteElo "2600"]
[BlackElo "2530"]
[Annotator "Stohl,I"]
[PlyCount "77"]
[EventDate "1992.10.??"]
[EventType "swiss"]
[EventRounds "9"]
[EventCountry "RUS"]
[Source "ChessBase"]
[SourceDate "1993.04.01"]

1. d4 d6 2. e4 g6 3. Nc3 Bg7 4. Nf3 Nf6 5. Be2 O-O 6. O-O Nc6 7. Bg5 (7. Be3 e5
$6 (7... Bg4 $142 {-6...Bg4}) 8. dxe5 dxe5 9. Bb5 Bd7 10. Qe2 Qe7 11. Bg5 Qe8
12. Rad1 a6 13. Bc4 Bg4 14. Bxf6 Bxf6 15. Nd5 Bd8 16. c3 b5 17. Bb3 Na5 18. Ne3
Bxf3 19. Qxf3 Nxb3 20. axb3 $36 {Berzinsh,R-Hoi,C,Debrecen EU-chT 1992}) (7. d5
Nb4 (7... Nb8 8. Re1 c6 9. a4 a5 10. h3 Bd7 11. Bg5 h6 12. Be3 Be8 13. Qd2 Kh7
14. Nd4 Na6 15. f4 Nc5 16. Bf3 cxd5 17. exd5 Bd7 18. Bf2 $36 {
(),Kengis,E-Kantsler,B,Frunze op 1989-TD 89_09}) 8. Be3 e6 9. a3 Na6 10. dxe6
Bxe6 11. Nd4 Bd7 12. Nb3 $5 Re8 13. f3 Nb8 14. Qd2 a5 15. Rad1 a4 16. Nd4 $14 {
(),Horvath,C-Jansa,V,Stary Smokovec 1991-CBM 26}) (7. h3 e5 8. dxe5 dxe5 9. Be3
Qe7 10. Nd2 Nd4 11. Bc4 c6 12. Ne2 b5 $6 (12... Rd8 13. c3 Nxe2+ 14. Qxe2 Be6
$10) 13. Bd3 Ne6 14. a4 Rd8 15. Qb1 $1 $16 {
><<<,Kiselev,S-Tal,M,URS-ch58 1991-CBM 27}) 7... h6 8. Bh4 {N} (8. Be3 $6 Ng4
9. Bc1 e5 10. d5 Ne7 11. Nd2 f5 12. exf5 gxf5 13. Bxg4 fxg4 14. Nde4 Nf5 15.
Ne2 Qe8 16. Qd3 Qg6 17. Be3 Bd7 $15 {Ueter,H-Haskamp,S,2BLW 8990}) (8. Bf4 Ng4
$1 9. h3 e5 10. dxe5 Ngxe5 11. Nxe5 dxe5 12. Be3 Nd4 $15 {
Zakharov,A-Adorjan,A,Sochi 1976}) 8... g5 (8... Bg4 $5 {/\} 9. h3 Bxf3 10. Bxf3
Nd7 11. Ne2 Qe8 $13 {/\e5<=>}) 9. Bg3 Nh5 {/\g4} 10. d5 Nxg3 11. hxg3 Nb8 (
11... Ne5 12. Nxe5 $5 (12. Nd4 c6 {/\} 13. f4 $6 Qb6 $1 $17) 12... Bxe5 13. f4
$36) 12. Qd2 c6 13. Nd4 Qb6 14. Nb3 $8 a5 15. a4 Nd7 (15... Na6 $5 $13 {/\Nb4})
16. Rae1 Nc5 17. Nxc5 Qxc5 18. Kh2 {/\f4} e6 (18... Qb4 $142 $13) 19. f4 Qd4
20. Bd3 $36 gxf4 21. gxf4 exd5 22. exd5 Bf5 $8 (22... cxd5 23. Nxd5 $1 {/\}
Qxd5 $4 24. Bh7+ $18) 23. dxc6 $6 (23. Re3 $5 $16) 23... bxc6 24. Re3 {><>>}
Rfe8 25. Rg3 Bxd3 (25... Re6 $5 {/\Rg6} 26. Qd1 $14) 26. Rxd3 Qc4 $8 27. Rff3
d5 28. Ne2 Qe4 (28... Bxb2 $2 29. c3 $40) 29. Nd4 (29. Ng3 $5 Qg6 30. f5 $36 {
/\f6}) 29... Qg6 30. Rg3 Qf6 31. Rde3 (31. Rc3 Rac8 $13 {/\Re4}) 31... Kf8 32.
Nf3 (32. c3 Rxe3 33. Qxe3 Re8 $10) 32... Qxb2 (32... Rxe3 33. Qxe3 Re8 34. Ne5
$16) 33. Rxe8+ Rxe8 34. Qxa5 Qxc2 35. Qb4+ c5 (35... Kg8 $142 $5 36. Qd4 Qh7
37. a5 $44) 36. Qb6 $40 Qxa4 $2 (36... d4 $5 37. Qd6+ Kg8 38. Qf6 (38. Qxh6 Qh7
$17) 38... Qh7 39. Ne5 $36) 37. Qxc5+ Kg8 (37... Re7 $2 38. Rxg7 $18) 38. Qc3
$18 f6 (38... d4 $8 39. Nxd4 {/\Nf5} Kh8 40. Rxg7 Kxg7 41. Ne6+ Kg6 42. Qg7+
Kf5 43. Qxf7+ Kg4 (43... Ke4 44. Nc5+ $18) 44. Qg6+ Kh4 45. g3#) 39. Qc7 {
[Stohl]} 1-0

[Event "Alekhine op"]
[Site "Moscow"]
[Date "1992.??.??"]
[Round "?"]
[White "Oll, Lembit"]
[Black "Timoscenko, Gennadij"]
[Result "1/2-1/2"]
[WhiteElo "2600"]
[BlackElo "2515"]
[PlyCount "72"]
[EventDate "1992.10.??"]
[EventType "swiss"]
[EventRounds "9"]
[EventCountry "RUS"]
[Source "ChessBase"]
[SourceDate "1993.04.01"]

1. d4 Nf6 2. c4 g6 3. Nc3 Bg7 4. e4 d6 5. Nf3 O-O 6. Be2 e5 7. dxe5 dxe5 8.
Qxd8 Rxd8 9. Bg5 c6 10. Nxe5 Re8 11. O-O-O Na6 12. Rd6 Nh5 13. Ng4 Nc5 14. Nh6+
Kf8 15. Bxh5 Bxc3 16. Bf3 Be5 17. Rd2 Be6 18. Be3 b6 19. Ng4 Bxg4 20. Bxg4 Nxe4
21. Rdd1 f5 22. Bf3 Rad8 23. Rhe1 Bf6 24. Rxd8 Bxd8 25. Bh6+ Kf7 26. g4 Re6 27.
gxf5 gxf5 28. Bh5+ Ke7 29. Be3 Nf6 30. Bf3 Ng4 31. Bd2 Rxe1+ 32. Bxe1 Kd6 33.
h3 Bg5+ 34. Kc2 Ne5 35. Be2 c5 36. Bc3 Bh4 1/2-1/2

[Event "Alekhine op"]
[Site "Moscow"]
[Date "1992.??.??"]
[Round "?"]
[White "Oll, Lembit"]
[Black "Tseshkovsky, Vitaly"]
[Result "1/2-1/2"]
[WhiteElo "2600"]
[BlackElo "2510"]
[PlyCount "107"]
[EventDate "1992.10.??"]
[EventType "swiss"]
[EventRounds "9"]
[EventCountry "RUS"]
[Source "ChessBase"]
[SourceDate "1993.04.01"]

1. d4 Nf6 2. Nf3 g6 3. c4 Bg7 4. Nc3 d5 5. Bg5 Ne4 6. cxd5 Nxg5 7. Nxg5 e6 8.
Qd2 exd5 9. Qe3+ Kf8 10. g3 h6 11. Nf3 Nc6 12. Rd1 Qd6 13. Bg2 Bf5 14. O-O Re8
15. Qc1 a6 16. Rfe1 Kg8 17. Nh4 Be6 18. e4 Bg4 19. f3 Bc8 20. e5 Qd8 21. f4 Ne7
22. Rd2 c6 23. Rf2 a5 24. Qd2 Bf8 25. a3 b5 26. Nd1 b4 27. axb4 axb4 28. Ne3
Rh7 29. Qxb4 Nf5 30. Qa4 Nxh4 31. gxh4 Be7 32. Ref1 Bxh4 33. Rf3 Bd7 34. f5 Bg5
35. fxg6 fxg6 36. Qc2 Rg7 37. Qf2 Kh7 38. Bh3 c5 39. Ng4 Bxg4 40. Bxg4 cxd4 41.
Qxd4 h5 42. Bh3 Qe7 43. e6 Qa7 44. Qxa7 Rxa7 45. Rf7+ Kh6 46. Rxa7 Be3+ 47. Kg2
Bxa7 48. Rf7 Bc5 49. Rc7 Bf8 50. Rb7 Be7 51. b4 Kg5 52. b5 Kf6 53. Rd7 g5 54.
Kf1 1/2-1/2

[Event "Alekhine op"]
[Site "Moscow"]
[Date "1992.??.??"]
[Round "?"]
[White "Oll, Lembit"]
[Black "Xu Jun"]
[Result "1-0"]
[WhiteElo "2600"]
[BlackElo "2480"]
[Annotator "Knaak,R"]
[PlyCount "67"]
[EventDate "1992.10.??"]
[EventType "swiss"]
[EventRounds "9"]
[EventCountry "RUS"]
[Source "ChessBase"]
[SourceDate "1993.04.01"]

1. d4 Nf6 2. c4 g6 3. Nc3 Bg7 4. e4 O-O 5. Nf3 d6 6. Be2 e5 7. O-O Nc6 8. d5
Ne7 9. Bg5 h6 10. Bxf6 Bxf6 11. b4 Kg7 12. c5 Ng8 13. Nd2 (13. a4 Be7 14. cxd6
Bxd6 15. Qb3 f5 16. Nd2 Nf6 17. exf5 Bxf5 $10 {Belov-Volke/Podolsk/1991}) 13...
Be7 14. c6 (14. cxd6 Bxd6 $10) 14... b6 $2 (14... bxc6 15. dxc6 Bg5 16. Bc4 f5
17. Re1 Nf6 18. exf5 Bxf5 $15 {Eingorn-Wojtkiewicz (1)/Tilburg1.20/1992}) 15.
b5 f5 16. a4 Nf6 17. exf5 $1 gxf5 18. a5 $16 Rb8 19. axb6 axb6 20. h3 Ng8 21.
Qa4 f4 22. Bd3 f3 $6 23. Qe4 Rf4 24. Qg6+ Kf8 25. g3 Rf7 26. Qh5 Bg5 27. Nde4
Bf5 28. Rfd1 Kg7 29. h4 Be7 (29... Bg6 30. Qg4 Bf5 31. Qxf3 Bg6 32. Qg4 Bf5 33.
Qe2 Be7 34. Nd2 $18) 30. Nxd6 $1 $18 Qxd6 31. Bxf5 Rbf8 32. Be6 Qb4 33. Ra4
Qxc3 34. Rg4+ 1-0

[Event "Alekhine op"]
[Site "Moscow"]
[Date "1992.??.??"]
[Round "?"]
[White "Shcherbakov, Ruslan"]
[Black "Oll, Lembit"]
[Result "1/2-1/2"]
[WhiteElo "2530"]
[BlackElo "2600"]
[PlyCount "25"]
[EventDate "1992.10.??"]
[EventType "swiss"]
[EventRounds "9"]
[EventCountry "RUS"]
[Source "ChessBase"]
[SourceDate "1993.04.01"]

1. Nf3 Nf6 2. c4 e6 3. g3 d5 4. Bg2 dxc4 5. Qa4+ Nbd7 6. Qxc4 c5 7. Qb3 Bd6 8.
d3 O-O 9. Nc3 a6 10. O-O Rb8 11. Ng5 Bc7 12. Rd1 Qe7 13. Nge4 1/2-1/2

[Event "Alekhine op"]
[Site "Moscow"]
[Date "1992.??.??"]
[Round "?"]
[White "Sveshnikov, Evgeny"]
[Black "Oll, Lembit"]
[Result "1-0"]
[WhiteElo "2525"]
[BlackElo "2600"]
[PlyCount "63"]
[EventDate "1992.10.??"]
[EventType "swiss"]
[EventRounds "9"]
[EventCountry "RUS"]
[Source "ChessBase"]
[SourceDate "1993.04.01"]

1. e4 c6 2. d4 d5 3. exd5 cxd5 4. c4 Nf6 5. Nc3 Nc6 6. Bg5 dxc4 7. Bxc4 Qxd4 8.
Qxd4 Nxd4 9. O-O-O e5 10. Nf3 Nxf3 11. gxf3 Be7 12. Rhe1 O-O 13. Rxe5 Bd8 14.
Ne4 Nd7 15. Rf5 Nf6 16. Rf4 Be6 17. Bxe6 fxe6 18. Nxf6+ Bxf6 19. Bxf6 Rac8+ 20.
Kb1 gxf6 21. Rg4+ Kh8 22. Rd7 Rfd8 23. Rgg7 Rxd7 24. Rxd7 Rg8 25. Rxb7 Rg1+ 26.
Kc2 Rg2 27. Rxa7 Rxf2+ 28. Kc3 Rxf3+ 29. Kc4 Rf2 30. b4 f5 31. b5 Rb2 32. a4
1-0

[Event "Interpolis"]
[Site "Tilburg"]
[Date "1992.10.08"]
[Round "1.1"]
[White "De Boer, Gert Jan"]
[Black "Oll, Lembit"]
[Result "0-1"]
[WhiteElo "2430"]
[BlackElo "2600"]
[PlyCount "74"]
[EventDate "1992.10.08"]
[EventType "k.o."]
[EventRounds "7"]
[EventCountry "NED"]
[Source "ChessBase"]
[SourceDate "1993.02.01"]

1. d4 Nf6 2. c4 e6 3. Nf3 Bb4+ 4. Bd2 Qe7 5. g3 Nc6 6. Nc3 d5 7. a3 Bxc3 8.
Bxc3 O-O 9. Bg2 Rd8 10. O-O a5 11. b3 a4 12. cxd5 Nxd5 13. Bb2 Nb6 14. e4 e5
15. d5 Bg4 16. b4 Na7 17. Qd3 Bxf3 18. Bxf3 Nbc8 19. Bg2 c6 20. f4 cxd5 21.
exd5 exf4 22. Rae1 Qd7 23. Rxf4 Nb5 24. Be4 g6 25. Bf5 gxf5 26. Rxf5 Ra6 27. d6
h6 28. Rxb5 Rxd6 29. Qc3 f6 30. Rc5 Rd1 31. Qc4+ Kf8 32. Rf1 Qd2 33. Bxf6 Qe3+
34. Kg2 Rxf1 35. Qxf1 Rd2+ 36. Kh3 Qe6+ 37. g4 Qe3+ 0-1

[Event "Interpolis"]
[Site "Tilburg"]
[Date "1992.10.11"]
[Round "2.1"]
[White "Oll, Lembit"]
[Black "Shirov, Alexei"]
[Result "1/2-1/2"]
[WhiteElo "2600"]
[BlackElo "2710"]
[Annotator "Shirov"]
[PlyCount "83"]
[EventDate "1992.10.08"]
[EventType "k.o."]
[EventRounds "7"]
[EventCountry "NED"]
[Source "ChessBase"]
[SourceDate "1993.02.01"]

1. d4 Nf6 2. c4 g6 3. Nc3 Bg7 4. e4 d6 5. Nf3 O-O 6. Be2 e5 7. O-O Nc6 8. d5
Ne7 9. Bg5 Nh5 10. Ne1 $5 {N} (10. g3) 10... Nf4 (10... f6 11. Bxh5 fxg5 12.
Bg4 $14) 11. Nd3 Nxe2+ (11... Nxd3 $6 12. Bxd3 h6 13. Be3 (13. Bh4 g5 14. Bg3
c5 $1 $10) 13... f5 14. exf5 $1 (14. f3 g5 15. c5 f4 16. Bf2 h5 17. Be2 $13)
14... Nxf5 (14... gxf5 15. f4 $16) 15. Qd2 Kh7 16. Ne4 $16) 12. Qxe2 h6 13. Bd2
g5 $5 {/\ 14...f5} (13... f5 14. f4 $1 exf4 15. Nxf4 g5 16. Nh5 Be5 (16... Bd4+
17. Kh1 f4 $6 18. g3 $1 fxg3 (18... Bh3 19. gxf4 $1 $16) 19. Rxf8+ Qxf8 20. Rf1
$1 Qe8 (20... Qd8 $2 21. Qf3 $1 $16) 21. Rf6 $1 $40) 17. exf5 $14) 14. h4 $2 (
14. g4 $1 Ng6 15. Rac1 $14 {/\ 15...Nf4 16.Bf4 ef4 17.f3 /\ b4,c5}) 14... g4
15. f4 gxf3 16. Qxf3 f5 $1 $15 17. Qh5 $2 (17. g3 $15) 17... Rf6 $2 (17... f4 {
/\ Rf8-f6-g6 -+} 18. Ne2 (18. g3 Rf6 $1 $19 {/\ 19.gf4? Rg6 20.Kh2 Bg4}) 18...
Rf6 19. Nexf4 exf4 20. Nxf4 Qf8 $1 $19) 18. g4 $1 $13 f4 $8 19. g5 hxg5 (19...
Rg6 $2 20. Bxf4 $1 exf4 21. Nxf4 Qe8 (21... Bd4+ 22. Kh1 Rg7 23. gxh6 Rh7 24.
Qg5+ Kh8 25. Ng6+ $18) 22. Nb5 $1 $18) 20. hxg5 Rg6 21. Kf2 $1 (21. Rf2 Bd7 $1
22. Raf1 (22. Rh2 Kf7 $1 $15 {/\ 23...Qh8}) 22... Be8 $1 $15) 21... c6 $5 22.
Rh1 cxd5 (22... Qb6+ $2 23. c5 $3 dxc5 24. d6 c4+ 25. Ke1 Rxd6 (25... cxd3 26.
dxe7 $18) 26. Qe8+ Bf8 27. Rh8+ $18) 23. cxd5 $2 (23. Nxd5 Kf7 $1 24. Bxf4 $3
Nxd5 $8 (24... exf4 25. N3xf4 $18 {/\ Ne7}) 25. cxd5 exf4 26. Nxf4 Qxg5 27.
Qxg6+ Qxg6 28. Nxg6 Bd4+ $8 (28... Kxg6 $2 29. Rag1+ Kf6 30. Rh7 Bf8 31. Rg8
Be7 32. Rhh8 $18) 29. Ke2 Kxg6 30. Kd3 $1 Bxb2 31. Raf1 $1 (31. Rag1+ Kf7 32.
Rh7+ Kf8 33. Rf1+ Ke8 (33... Kg8 $2 34. Rh2 $1 $18) 34. Rg1 $10) 31... b6 $3 (
31... Bg4 32. Rhg1 Kh5 33. Rg2 Be5 34. Rh1+ Kg5 35. Rhg1 $18) (31... Be5 32.
Rhg1+ Kh5 33. Rf8 $1 {/\ 34.Rfg8 +-} b6 34. Ke3 Bb7 35. Rf7 $18) 32. Rhg1+ (32.
Ke3 $2 Bf6 $1) 32... Kh5 33. Ke3 Bg4 34. Rf4 Bd7 (34... Bh3 35. Rf3 Bg4 $2 (
35... Bd7 $10) 36. Rfg3 Ba3 37. Kd3 Bc5 38. R1g2 Rg8 39. Rh2+ Kg5 40. Rxg4+
Kxg4 41. Rg2+ $18) 35. Rf7 Bg4 36. Rh7+ $2 (36. Rf4 $10) 36... Kg5 37. Rh2 Ba3
$19) 23... Qb6+ 24. Ke2 Bd7 25. Rhf1 Kf7 $1 $15 26. Bxf4 $6 exf4 27. Rxf4+ Ke8
$17 28. Raf1 {/\ 29.Qh8!} (28. Qf3 $142 Kd8 29. Rf8+ $1 Be8 30. Rf6 $1 Qd4 $1
$17) 28... Kd8 29. Rf8+ Be8 30. e5 $5 Rc8 $138 (30... dxe5 31. R1f6 $1 Bxf8 32.
Rxf8 {, Oll}) (30... Bxe5 {-+, Oll}) 31. Rxe8+ $1 Kxe8 32. Ne4 dxe5 33. d6 Rc4
$2 (33... Qd4 $1 34. Qf3 Rc2+ (34... Rxd6 $2 35. Nxd6+ Qxd6 36. Qf7+ Kd8 37.
Rd1 $1 $13) 35. Kd1 Nf5 $1 36. Kxc2 Ne3+ 37. Kc1 Nxf1 $19) 34. Nf6+ $1 Bxf6 35.
gxf6 Re4+ 36. Kd1 Qe3 (36... Qxd6 $2 37. f7+ Kd7 38. Qh3+ $18) 37. f7+ Kd7 38.
Qf3 $1 $8 Qxf3+ 39. Rxf3 Rg1+ 40. Kd2 Rg2+ 41. Kd1 (41. Kc3 Ng6 42. Rf6 $2 (42.
Nc5+ {=}) 42... Re3 43. Rxg6 Rf2 $1 44. Kc4 b5+ $19) 41... Ng6 42. Nc5+ {Sirov}
(42. Nc5+ Kxd6 43. Nxe4+ Ke7 44. Rb3 b6 45. Ra3 $10) 1/2-1/2

[Event "Interpolis"]
[Site "Tilburg"]
[Date "1992.10.12"]
[Round "2.2"]
[White "Shirov, Alexei"]
[Black "Oll, Lembit"]
[Result "1/2-1/2"]
[WhiteElo "2710"]
[BlackElo "2600"]
[PlyCount "21"]
[EventDate "1992.10.08"]
[EventType "k.o."]
[EventRounds "7"]
[EventCountry "NED"]
[Source "ChessBase"]
[SourceDate "1993.02.01"]

1. d4 d5 2. c4 dxc4 3. e4 c5 4. d5 Nf6 5. Nc3 b5 6. e5 b4 7. exf6 bxc3 8. bxc3
Nd7 9. fxe7 Bxe7 10. Bxc4 Nb6 11. Bb5+ 1/2-1/2

[Event "Interpolis"]
[Site "Tilburg"]
[Date "1992.10.13"]
[Round "2.3"]
[White "Oll, Lembit"]
[Black "Shirov, Alexei"]
[Result "1/2-1/2"]
[WhiteElo "2600"]
[BlackElo "2710"]
[PlyCount "78"]
[EventDate "1992.10.08"]
[EventType "k.o."]
[EventRounds "7"]
[EventCountry "NED"]
[Source "ChessBase"]
[SourceDate "1993.02.01"]

{Barrage 30'} 1. d4 Nf6 2. c4 g6 3. Nc3 Bg7 4. e4 d6 5. Nf3 O-O 6. Be2 e5 7.
dxe5 dxe5 8. Qxd8 Rxd8 9. Bg5 Rf8 10. Nd5 Nxd5 11. cxd5 c6 12. Bc4 b5 13. Bb3
Bb7 14. Rc1 a5 15. a3 a4 16. Ba2 Rc8 17. Be3 b4 18. axb4 Na6 19. dxc6 Rxc6 20.
O-O Nxb4 21. Bb1 f6 22. Rxc6 Bxc6 23. Rc1 Bf8 24. Bd2 Rd8 25. h4 Be8 26. Rc7
Bf7 27. Rb7 Nd3 28. Ba5 Rd6 29. Rb8 Kg7 30. Bc2 Ra6 31. Bc3 Nc5 32. Bb4 Bd6 33.
Rb5 Nb3 34. Bxd6 Rxd6 35. Rb7 Rc6 36. Bxb3 axb3 37. Nd2 Rc1+ 38. Kh2 Rc2 39.
Nxb3 Rxb2 1/2-1/2

[Event "Interpolis"]
[Site "Tilburg"]
[Date "1992.10.13"]
[Round "2.4"]
[White "Shirov, Alexei"]
[Black "Oll, Lembit"]
[Result "1-0"]
[WhiteElo "2710"]
[BlackElo "2600"]
[Annotator "Anand"]
[PlyCount "57"]
[EventDate "1992.10.08"]
[EventType "k.o."]
[EventRounds "7"]
[EventCountry "NED"]
[Source "ChessBase"]
[SourceDate "1993.02.01"]

{Barrage 30'} 1. d4 Nf6 2. c4 e6 3. Nf3 d5 4. Nc3 c6 5. Bg5 dxc4 6. e4 b5 7. e5
h6 8. Bh4 g5 9. Nxg5 hxg5 10. Bxg5 Nbd7 11. exf6 Bb7 12. g3 c5 13. d5 Qb6 14.
Bg2 O-O-O 15. O-O b4 16. Na4 Qb5 17. a3 {
This position has been reached in hundreds of games already} Nb8 18. axb4 cxb4
19. Qd4 Rxd5 $2 (19... Nc6 20. dxc6 Rxd4 21. cxb7+ Kb8 22. Be3 e5 23. Nc3) 20.
Qxa7 Nc6 (20... Nd7 21. Bf4 $16) 21. Nb6+ $18 Kc7 22. Bf4+ Bd6 23. Nxd5+ exd5
24. Bxd6+ Kxd6 25. Qe3 Kc7 26. Rfe1 Rd8 27. b3 d4 28. Qf4+ Kb6 29. Re7 {
Oll took all of four minutes for this game!} 1-0

[Event "Benidorm op"]
[Site "Benidorm"]
[Date "1993.??.??"]
[Round "2"]
[White "Markzon, Gregory"]
[Black "Oll, Lembit"]
[Result "0-1"]
[WhiteElo "2280"]
[BlackElo "2585"]
[PlyCount "86"]
[EventDate "1993.??.??"]
[EventType "swiss"]
[EventRounds "9"]
[EventCountry "ESP"]
[Source "ChessBase"]
[SourceDate "1996.11.15"]

1. e4 c5 2. Nf3 d6 3. d4 Nf6 4. Nc3 cxd4 5. Nxd4 a6 6. f4 e6 7. Bd3 Nbd7 8. Qf3
e5 9. Nf5 g6 10. Ne3 exf4 11. Qxf4 Ne5 12. O-O Bg7 13. Nc4 Nxc4 14. Bxc4 O-O
15. Qh4 Be6 16. Bxe6 Qb6+ 17. Qf2 Qxf2+ 18. Rxf2 fxe6 19. h3 b5 20. Re2 Nh5 21.
g4 Ng3 22. Re1 Rac8 23. Kg2 Be5 24. Bh6 Rf7 25. a3 Rc4 26. Rad1 Bxc3 27. Rxd6
Ba5 28. c3 Bc7 29. Rxe6 Rd7 30. e5 Re4 31. Rxe4 Nxe4 32. Rxa6 Bxe5 33. a4 bxa4
34. Rxa4 Nc5 35. Ra8+ Kf7 36. Be3 Nd3 37. Ra5 Ke6 38. Rb5 Rf7 39. Rb6+ Kd5 40.
Rb5+ Ke4 41. Bd4 Ne1+ 42. Kg1 Nf3+ 43. Kg2 Nxd4 0-1

[Event "Benidorm op"]
[Site "Benidorm"]
[Date "1993.??.??"]
[Round "3"]
[White "Oll, Lembit"]
[Black "Eslon, Jaan"]
[Result "1-0"]
[WhiteElo "2585"]
[BlackElo "2430"]
[PlyCount "43"]
[EventDate "1993.??.??"]
[EventType "swiss"]
[EventRounds "9"]
[EventCountry "ESP"]
[Source "ChessBase"]
[SourceDate "1996.11.15"]

1. d4 Nf6 2. Bg5 e6 3. e4 h6 4. Bxf6 Qxf6 5. Nf3 d5 6. Bd3 dxe4 7. Bxe4 c5 8.
c3 Bd6 9. Na3 O-O 10. Nc4 Bc7 11. dxc5 Nd7 12. c6 bxc6 13. Bxc6 Rb8 14. O-O Nb6
15. Ne3 Ba6 16. Re1 Rfd8 17. Qc1 Nd5 18. Bxd5 exd5 19. Nd4 Qh4 20. g3 Qf6 21.
Qc2 Bc8 22. Nxd5 1-0

[Event "Benidorm op"]
[Site "Benidorm"]
[Date "1993.??.??"]
[Round "4"]
[White "Bellon Lopez, Juan Manuel"]
[Black "Oll, Lembit"]
[Result "0-1"]
[WhiteElo "2415"]
[BlackElo "2585"]
[PlyCount "56"]
[EventDate "1993.??.??"]
[EventType "swiss"]
[EventRounds "9"]
[EventCountry "ESP"]
[Source "ChessBase"]
[SourceDate "1996.11.15"]

1. d4 d6 2. c4 e5 3. Nf3 Nd7 4. Nc3 Ngf6 5. g3 g6 6. Bg2 Bg7 7. O-O O-O 8. e3
Re8 9. b3 c6 10. dxe5 dxe5 11. Bb2 e4 12. Nd2 Nc5 13. Ba3 Bg4 14. Qc2 Nd3 15.
Ndxe4 Nxe4 16. Bxe4 Qa5 17. Bxd3 Qxa3 18. Rac1 Rad8 19. Be2 Bf5 20. e4 Bxc3 21.
Qxc3 Bxe4 22. Ra1 a5 23. Rfd1 Rxd1+ 24. Rxd1 Qxa2 25. Qe3 c5 26. Rd5 a4 27.
bxa4 Qxa4 28. Bd1 Bxd5 0-1

[Event "Benidorm op"]
[Site "Benidorm"]
[Date "1993.??.??"]
[Round "5"]
[White "Oll, Lembit"]
[Black "Hebden, Mark"]
[Result "0-1"]
[WhiteElo "2585"]
[BlackElo "2520"]
[PlyCount "88"]
[EventDate "1993.??.??"]
[EventType "swiss"]
[EventRounds "9"]
[EventCountry "ESP"]
[Source "ChessBase"]
[SourceDate "1996.11.15"]

1. d4 Nf6 2. c4 g6 3. Nc3 Bg7 4. e4 d6 5. Nf3 O-O 6. Be2 e5 7. dxe5 dxe5 8.
Qxd8 Rxd8 9. Bg5 Re8 10. Nd5 Nxd5 11. cxd5 c6 12. Bc4 cxd5 13. Bxd5 Nd7 14. Nd2
Nc5 15. O-O Be6 16. Bxe6 Rxe6 17. Rfc1 Bf8 18. Rc3 f6 19. Be3 Rd8 20. Kf1 Na4
21. Rc7 Re7 22. Rc2 Red7 23. Nb3 b6 24. Ke2 f5 25. g3 Bg7 26. Rh1 Rf8 27. f3 h5
28. Rhc1 f4 29. Bd2 g5 30. gxf4 exf4 31. Rg1 g4 32. fxg4 f3+ 33. Kf1 h4 34. g5
Nxb2 35. g6 a5 36. Rg5 a4 37. Nc1 Nc4 38. Rd5 Rxd5 39. exd5 b5 40. Nd3 Rf5 41.
Nb4 Bf8 42. a3 Bxb4 43. axb4 Rxd5 44. Bc1 Rd3 0-1

[Event "Benidorm op"]
[Site "Benidorm"]
[Date "1993.??.??"]
[Round "7"]
[White "Oll, Lembit"]
[Black "Pogorelov, Ruslan"]
[Result "1/2-1/2"]
[WhiteElo "2585"]
[BlackElo "2400"]
[PlyCount "79"]
[EventDate "1993.??.??"]
[EventType "swiss"]
[EventRounds "9"]
[EventCountry "ESP"]
[Source "ChessBase"]
[SourceDate "1996.11.15"]

1. e4 c5 2. Nf3 Nc6 3. d4 cxd4 4. Nxd4 Qc7 5. Nb5 Qb8 6. c4 a6 7. N5c3 Nf6 8.
Be2 e6 9. O-O Qc7 10. Be3 b6 11. f4 d6 12. Nd2 Be7 13. Rc1 Qd8 14. Qe1 O-O 15.
Qg3 Nd7 16. Bd3 g6 17. f5 Bf6 18. Bh6 Re8 19. Nf3 Nde5 20. Ng5 Qe7 21. Be2 Bb7
22. Rf2 Rac8 23. Rcf1 Nd7 24. fxe6 fxe6 25. Bg4 Nd8 26. Qe3 Bc6 27. Nd5 Bxd5
28. exd5 Ne5 29. Bxe6+ Nxe6 30. Rxf6 Nxg5 31. Qxg5 Qc7 32. Qf4 Qe7 33. b3 b5
34. c5 Nd3 35. Qxd6 Qxd6 36. cxd6 Ne5 37. Re6 Nd7 38. Re7 Rxe7 39. dxe7 Re8 40.
d6 1/2-1/2

[Event "Benidorm op"]
[Site "Benidorm"]
[Date "1993.??.??"]
[Round "8"]
[White "Ulibin, Mikhail"]
[Black "Oll, Lembit"]
[Result "1-0"]
[WhiteElo "2565"]
[BlackElo "2585"]
[PlyCount "43"]
[EventDate "1993.??.??"]
[EventType "swiss"]
[EventRounds "9"]
[EventCountry "ESP"]
[Source "ChessBase"]
[SourceDate "1996.11.15"]

1. e4 e5 2. Nf3 Nf6 3. Nxe5 d6 4. Nf3 Nxe4 5. Nc3 Nf6 6. d4 Be7 7. Bd3 O-O 8.
Ne2 Re8 9. O-O c5 10. d5 Bg4 11. c4 Nbd7 12. Ng3 Ne5 13. Be2 Nxf3+ 14. Bxf3 Qd7
15. h3 Bxf3 16. Qxf3 b5 17. cxb5 Qxb5 18. Nf5 Bf8 19. Nh6+ gxh6 20. Qxf6 Rab8
21. a4 Qe2 22. Ra3 1-0

[Event "Benidorm op"]
[Site "Benidorm"]
[Date "1993.??.??"]
[Round "9"]
[White "Oll, Lembit"]
[Black "Emms, John M"]
[Result "1-0"]
[WhiteElo "2585"]
[BlackElo "2450"]
[PlyCount "133"]
[EventDate "1993.??.??"]
[EventType "swiss"]
[EventRounds "9"]
[EventCountry "ESP"]
[Source "ChessBase"]
[SourceDate "1996.11.15"]

1. d4 Nf6 2. c4 e6 3. g3 c5 4. d5 exd5 5. cxd5 d6 6. Bg2 g6 7. Nc3 Bg7 8. Nf3
O-O 9. O-O Na6 10. Nd2 Nc7 11. Nc4 Nfe8 12. a4 b6 13. Qc2 f5 14. b3 Bb7 15. Bb2
Nf6 16. Rad1 Qd7 17. Bc1 Rad8 18. Rfe1 Qf7 19. Bf4 Nfe8 20. Nb5 Nxb5 21. axb5
Qd7 22. e4 fxe4 23. Rxe4 Rf7 24. Qe2 Nc7 25. Nxd6 Nxd5 26. Nxf7 Nxf4 27. Qe1
Qxd1 28. Nxd8 Qxe1+ 29. Rxe1 Bxg2 30. Re8+ Bf8 31. gxf4 Bd5 32. Re3 c4 33. bxc4
Bxc4 34. Nc6 Bxb5 35. Nxa7 Bd7 36. Rd3 Bf5 37. Rd8 Kg7 38. Nc6 Bc5 39. Ne5 Be6
40. Kg2 Bf5 41. Kf3 Kf6 42. Re8 Bd4 43. Nc4 Be6 44. Nd6 Bd5+ 45. Kg3 Bc6 46.
Re1 Bc5 47. Ne4+ Bxe4 48. Rxe4 Bd6 49. Kf3 b5 50. Rd4 Ke6 51. Ke4 Bc5 52. Rd2
b4 53. f3 Be7 54. Rd5 Bf6 55. Rb5 Bc3 56. Rb6+ Kd7 57. Rb7+ Ke6 58. Rxh7 b3 59.
Rb7 b2 60. Rb6+ Ke7 61. f5 gxf5+ 62. Kxf5 Kd7 63. Ke4 Kc7 64. Rb3 Kd6 65. Kd3
Be5 66. h3 Kd5 67. Kc2 1-0

[Event "Minsk playoff"]
[Site "Minsk"]
[Date "1993.??.??"]
[Round "?"]
[White "Oll, Lembit"]
[Black "Aleksandrov, Aleksej"]
[Result "1-0"]
[WhiteElo "2585"]
[BlackElo "2530"]
[PlyCount "73"]
[EventDate "1993.??.??"]
[EventType "match"]
[EventRounds "2"]
[EventCountry "BLR"]
[Source "ChessBase"]
[SourceDate "1996.11.15"]

1. d4 Nf6 2. c4 e6 3. Nf3 Bb4+ 4. Bd2 a5 5. g3 d5 6. Qc2 c6 7. Bg2 b6 8. Ne5
Bd6 9. Nc3 O-O 10. O-O Ba6 11. cxd5 cxd5 12. Bg5 h6 13. Bxf6 Qxf6 14. f4 Rc8
15. Rf2 Nc6 16. Nxc6 Rxc6 17. Nxd5 Rxc2 18. Nxf6+ gxf6 19. Bxa8 Rxb2 20. e3 Rb4
21. Rc2 a4 22. Rc6 Bf8 23. Rc7 Rb2 24. Bf3 Bd3 25. Rd1 Rb1 26. Rc3 Be4 27. Rxb1
Bxb1 28. a3 Ba2 29. Bc6 Bb3 30. Kf2 Kg7 31. Bb5 f5 32. Ke2 Kg6 33. Kd2 Kh5 34.
Be2+ Kg6 35. Bc4 Bxc4 36. Rxc4 b5 37. Rc5 1-0